Totenglauben und jenseitsvorstellungen der alten Agypter : grundlagen und entwicklung bis zum ende des mittleren reiches /

محفوظ في:

المؤلف الرئيسي: Kees, Hermann, 1886- (مؤلف)

التنسيق: كتاب

اللغة: German

منشور في: Leipzig : J. C. Hinrichs, 1926.

الموضوعات:

الوسوم: إضافة وسم

لا توجد وسوم, كن أول من يضع وسما على هذه التسجيلة!

رقم الطلب: BL2443 .K42 1926

LEADER 00679nam a2200205I 4500
001 7452
003 OSt
005 20250929130234.0
008 130303s1926 gw af 000 0 ger d
040 |c ARCE Library 
043 |a f-ua--- 
050 4 |a BL2443 .K42 1926 
100 1 |a Kees, Hermann,  |d 1886-,  |e author 
245 1 0 |a Totenglauben und jenseitsvorstellungen der alten Agypter :  |b grundlagen und entwicklung bis zum ende des mittleren reiches /  |c von Hermann Kees. 
264 1 |a Leipzig :  |b J. C. Hinrichs,  |c 1926. 
300 |a x, [2], 459, [1] pages :  |b front, illustrations, plates ;  |c 25 cm. 
650 0 |a Eschatology, Egyptian. 
901 |a reviewed 
942 |c BK  |2 lcc 
999 |c 9069  |d 9069